000 00654nam a2200205Ia 4500
003 GCL
008 140319s9999 xx 000 0 ara d
040 _aGCL /
_cGCL
082 0 4 _a819
_bا ا
100 1 _aجميل جبر
245 1 0 _aالبيان والتبين واهم الرسائل /
_cجميل جبر
700 1 _aالجاحظ : ابوعثمان عمرو بن بحر محبوب
260 _a[S.N] :
_bدار المشرق ،
_c1992
300 _a191 ص
490 _aالمجموعة الادبية
_v0
650 0 4 _aالرسائل العربية
650 0 4 _aالبلاغة العربية
650 0 4 _aالبيان
942 _2ddc
_cBK
999 _c54837
_d54837